| 000 | 00607nam a2200217Ia 4500 | ||
|---|---|---|---|
| 003 | OSt | ||
| 005 | 20241023110610.0 | ||
| 008 | 240925s9999 xx 000 0 und d | ||
| 020 | _a007282350X | ||
| 040 | _csd | ||
| 082 | _a005.74 MAN | ||
| 100 | _aMannino , Michael V. | ||
| 245 | 0 | _aDatabase Design, Application, Development, and Administration with CD rom | |
| 250 | _a2nd | ||
| 260 |
_aBoston: _bMC Graw-Hill _c,2004. |
||
| 300 |
_axvi,655p. _bNA _fOriginal |
||
| 500 | _aIncludes Index | ||
| 600 | _aComputer Science | ||
| 650 | _aComputer science, information & general works | ||
| 942 |
_cBK _2ddc |
||
| 999 |
_c9775 _d9775 |
||